000 00679nam a22002537a 4500
003 BUBTL
008 130622b xxu||||| |||| 00| 0 eng d
020 _a81-219-2813-3
024 _cavailable
037 _cavailable
040 _ambstu library
_dmbstu library
082 _222
_a536 BRH
100 _aSubrahmanyam,N./ Brij Lal
_9788
245 _aHeat And Thermodynamics
260 _aNew Delhi
_bS.Chand and Com.
_cc1999
300 _a[xix],665p.
_bills.
_g21 cm.
600 _aHeat
650 0 _9167
_aPhysics
700 _aSubrahmanyam,N./ Brij Lal
_9789
856 _k0
_l0
_yDownload
270 _aNew Delhi
_bNew Delhi
_dIndia
942 _2ddc
_cBK
999 _c519
_d519